The noble scholar, jurist, historian


 His Excellency Dr. Abdul Wahhab bin Ibrahim Abu Sulaiman, may Allah have mercy on him.


 He was born in Umm Al-Qura in the year 1356 AH.

ابن تيمية وفكره السياسي / (Record no. 10361)

MARC details
000 -LEADER
fixed length control field 03585cam a2200325 i 4500
003 - CONTROL NUMBER IDENTIFIER
control field SA-RiAUC
005 - DATE AND TIME OF LATEST TRANSACTION
control field 20250728050735.0
008 - FIXED-LENGTH DATA ELEMENTS--GENERAL INFORMATION
fixed length control field 250727s1985 ku g 00000bara c
040 ## - CATALOGING SOURCE
Original cataloging agency SA-RiAUC
Language of cataloging ara
Transcribing agency SA-RiAUC
Modifying agency KAC
Description conventions rda
041 0# - LANGUAGE CODE
Language code of text/sound track or separate title ara
Language code of original und
082 04 - DEWEY DECIMAL CLASSIFICATION NUMBER
Classification number 922.58
Assigning agency SA-RiAUC
090 ## - LOCALLY ASSIGNED LC-TYPE CALL NUMBER (OCLC); LOCAL CALL NUMBER (RLIN)
Classification number (OCLC) (R) ; Classification number, CALL (RLIN) (NR) 922.58
Local cutter number (OCLC) ; Book number/undivided call number, CALL (RLIN) خ ا ن
100 1# - MAIN ENTRY--PERSONAL NAME
Personal name خان، قمر الدين
Relator term مؤلف.
245 10 - TITLE STATEMENT
Title ابن تيمية وفكره السياسي /
Statement of responsibility, etc. تأليف قمر الدين خان ؛ ترجمة وتعليق أحمد مبارك البغدادي.
250 ## - EDITION STATEMENT
Edition statement الطبعة الأولى.
264 #1 - PRODUCTION, PUBLICATION, DISTRIBUTION, MANUFACTURE, AND COPYRIGHT NOTICE
Place of production, publication, distribution, manufacture الكويت :
Name of producer, publisher, distributor, manufacturer مكتبة الفلاح،
Date of production, publication, distribution, manufacture, or copyright notice 1985.
300 ## - PHYSICAL DESCRIPTION
Extent 246 صفحة ؛
Dimensions 24 سم
336 ## - CONTENT TYPE
Content type term نص
Content type code txt
Source rdacontent
Materials specified كتاب
337 ## - MEDIA TYPE
Media type term بدون وسيط
Media type code n
Source rdamedia
338 ## - CARRIER TYPE
Carrier type term مجلد
Carrier type code nc
Source rdacarrier
504 ## - BIBLIOGRAPHY, ETC. NOTE
Bibliography, etc. note يشتمل على إرجاعات ببلوجرافية.
504 ## - BIBLIOGRAPHY, ETC. NOTE
Bibliography, etc. note ببليوجرافية : صفحة : 225-246.
520 ## - SUMMARY, ETC.
Summary, etc. يتناول كتاب "ابن تيمية وفكره السياسي" للمؤلف قمر الدين خان جوانب متعددة من فكر ابن تيمية، خاصة في سياق السياسة والحكم. ويقدم الكتاب نبذة عن حياة ابن تيمية، موضحا نشأته وظروف عصره، وتأثيرها على فكره السياسي. ويتناول السياقات التاريخية والسياسية التي عاش فيها، مثل حكم المماليك والصراعات الفكرية في ذلك الوقت. ويسلط الضوء على آراء ابن تيمية حول الحكم والسياسة، مشيرا إلى مفهومه للسلطة الشرعية. ويناقش كيفية رؤيته للعلاقة بين الدين والدولة، ودور الشريعة في تنظيم الحياة السياسية. ويستعرض الكتاب مبادئ الحكم التي طرحها ابن تيمية، مثل العدل والشورى، وأهمية الالتزام بالقيم الإسلامية في إدارة الدولة. ويحليل آرائه حول حقوق وواجبات الحكام والمحكومين، ويناقش الكتاب التحديات التي واجهها ابن تيمية في عصره، وكيف تعامل معها، بما في ذلك الفتن والصراعات الداخلية. ويبرز دوره كمفكر سياسي في مواجهة التحديات التي كانت تهدد المجتمع الإسلامي. ويتناول تأثير فكر ابن تيمية السياسي على المفكرين والسياسيين من بعده، وكيف ساهمت أفكاره في تشكيل الفكر السياسي الإسلامي. ويعرض كيف أن مبادئه لا تزال ذات صلة في النقاشات السياسية المعاصرة. ويعتبر هذا الكتاب مرجعا مهما لفهم رؤية ابن تيمية السياسية، حيث يقدم تحليلا عميقا لفكره ومبادئه، مما يعزز من فهم القارئ لدوره في التاريخ الإسلامي وأثره المستمر في الفكر السياسي اليوم.
600 17 - SUBJECT ADDED ENTRY--PERSONAL NAME
Personal name ابن تيمية، أحمد بن عبد الحليم بن عبد السلام،
Dates associated with a name 661-728 هجري
General subdivision آراء سياسية واجتماعية
Source of heading or term aucnm
650 #7 - SUBJECT ADDED ENTRY--TOPICAL TERM
Topical term or geographic name entry element الفقهاء الحنابلة
Form subdivision تراجم
Source of heading or term aucsh
650 #7 - SUBJECT ADDED ENTRY--TOPICAL TERM
Topical term or geographic name entry element النظام السياسي في الإسلام
Source of heading or term aucsh
700 1# - ADDED ENTRY--PERSONAL NAME
Personal name البغدادي، أحمد مبارك
Relator term مترجم.
942 ## - ADDED ENTRY ELEMENTS (KOHA)
Source of classification or shelving scheme Dewey Decimal Classification
Koha item type Books
Suppress in OPAC No
949 ## - LOCAL PROCESSING INFORMATION (OCLC)
a SA-JeALM
d 250727
u osman123
n 1
Holdings
Withdrawn status Lost status Source of classification or shelving scheme Damaged status Not for loan Home library Current library Date acquired Total checkouts Full call number Barcode Date last seen Price effective from Koha item type
    Dewey Decimal Classification     DR AbdElwahab Library DR AbdElwahab Library 07/28/2025   922.58 خ ا ن 000016854 07/28/2025 07/28/2025 Books
    Dewey Decimal Classification     DR AbdElwahab Library DR AbdElwahab Library 08/18/2025   922.58 خ ا ن 000017775 08/18/2025 08/18/2025 Books